000 00787nam a2200217Ii 4500
003 JO-AjNU
008 230605s9999||||xx |||||||||||||| ||und||
017 _a2003/7/1434
040 _aJO-AjNU
_bara
_erda
_cJO-AjNU
041 _aara
050 1 4 _aDS154.52.R36.U4286 2005
100 3 _aالعمري، عمر صالح,
_eauthor
_949436
245 0 0 _aرانيا العبد الله الملكة الإنسانة: رائدة العمل الإنساني والإجتماعي
250 _aط1
264 3 1 _aاربد: المؤلف، 2005
300 _a183ص
336 _atext
_btxt
_2rdacontent
337 _aunmediated
_bn
_2rdamedia
338 _avolume
_bnc
_2rdacarrier
650 4 _aالاردن- ملوك وحكام- تراجم- الملكة رانيا العبد الله
_949437
999 _aA21713
_c25281
_d25281